Retailové bankovnictví ve věku totální konkurence
Marketing a predaj v bankovníctve je zameraný na získavanie nových klientov alebo na zvýšenie predaja klientom súčasným. Nové cesty k perspektívnemu klientovi. Riadenie marketingu a predaja - od 4P ku 4C. Meranie ziskovosti a výkonnosti. Risk management - ohodnotenie úverovej bonity klienta (credit...
Salvato in:
| Autore principale: | |
|---|---|
| Natura: | Capitolo di libro |
| Lingua: | ceco |
| Soggetti: | |
| Tags: |
Nessun Tag, puoi essere il primo ad aggiungerne!!
|
MARC
| LEADER | 00000naa a2200000 4500 | ||
|---|---|---|---|
| 001 | r038365 | ||
| 005 | 20231003114027.8 | ||
| 041 | 0 | |a cze | |
| 044 | |a CZ | ||
| 245 | 1 | 0 | |a Retailové bankovnictví ve věku totální konkurence |c David Seibert |
| 520 | |a Marketing a predaj v bankovníctve je zameraný na získavanie nových klientov alebo na zvýšenie predaja klientom súčasným. Nové cesty k perspektívnemu klientovi. Riadenie marketingu a predaja - od 4P ku 4C. Meranie ziskovosti a výkonnosti. Risk management - ohodnotenie úverovej bonity klienta (credit risk scoring). Návratnosť zavádzania integrovaného pohľadu na klienta. | ||
| 610 | 2 | 0 | |a bankovníctvo retailové |
| 610 | 2 | 0 | |a konkurencia |
| 610 | 2 | 0 | |a banky obchodné |
| 610 | 2 | 0 | |a klienti |
| 610 | 2 | 0 | |a marketing |
| 610 | 2 | 0 | |a predaj |
| 610 | 2 | 0 | |a zisk |
| 610 | 2 | 0 | |a výkonnosť |
| 610 | 2 | 0 | |a risk management |
| 100 | 1 | |a Seibert, David | |